Statistiken für Länder der Erde mit einer leeren Karte

Klicken Sie hier um das Quiz zu spielen!

Allgemein

  • Dieses Quiz wurde 103.512 mal gespielt
  • Das Durchschnittsergebnis liegt bei 154 aus 196

Antworten auf der Karte

Die Antworten werden auf der Karte rot bzw. grün angezeigt, abhängig davon wie oft sie richtig erraten wurden.
Laden ...
 

Antwortstatistiken

Land% Korrekt
Deutschland
97%
Frankreich
96%
Russland
96%
Kanada
96%
Vereinigte Staaten
96%
China
96%
Mexiko
95%
Brasilien
95%
Italien
95%
Spanien
95%
Polen
95%
Österreich
94%
Schweiz
94%
Schweden
94%
Finnland
94%
Australien
93%
Ägypten
93%
Argentinien
93%
Norwegen
93%
Indien
93%
Portugal
93%
Dänemark
92%
Südafrika
92%
Japan
92%
Ukraine
92%
Belarus
92%
Türkei
92%
Tschechien
92%
Iran
91%
Griechenland
91%
Chile
91%
Mongolei
90%
Kroatien
90%
Ungarn
90%
Lettland
90%
Irak
90%
Peru
89%
Marokko
89%
Slowakei
89%
Niger
89%
Vereinigtes Königreich
89%
Luxemburg
89%
Belgien
89%
Estland
89%
Niederlande
88%
Republik Kongo
88%
Rumänien
88%
Demokratische
Republik Kongo
88%
Slowenien
88%
Südkorea
88%
Neuseeland
88%
Kasachstan
88%
Litauen
88%
Nordkorea
88%
Irland
87%
Island
87%
Indonesien
87%
Kolumbien
87%
Afghanistan
87%
Algerien
87%
Saudi-Arabien
87%
Serbien
87%
Nigeria
86%
Bolivien
86%
Albanien
86%
Bulgarien
86%
Uruguay
86%
Venezuela
85%
Thailand
85%
Bosnien und
Herzegowina
85%
Israel
85%
Pakistan
85%
Panama
85%
Liechtenstein
84%
Andorra
84%
Sudan
84%
Paraguay
84%
Syrien
83%
Vietnam
83%
Kosovo
83%
Kuba
83%
Libyen
83%
Vatikanstadt
82%
Tunesien
82%
Nordmazedonien
82%
Nepal
82%
Jemen
82%
Mali
81%
Madagaskar
81%
Zypern
81%
Elfenbeinküste
81%
Malta
80%
Ecuador
80%
Ghana
80%
Oman
80%
Namibia
80%
Kenia
80%
Usbekistan
80%
Tschad
79%
Monaco
79%
Moldawien
79%
Äthiopien
79%
Südsudan
79%
Georgien
78%
Armenien
78%
Costa Rica
78%
Montenegro
78%
San Marino
78%
Turkmenistan
78%
Honduras
78%
Togo
77%
Laos
77%
Somalia
77%
Angola
77%
Aserbaidschan
77%
Bangladesch
76%
Haiti
76%
Guinea
76%
Vereinigte Arabische
Emirate
76%
Philippinen
76%
Sri Lanka
75%
Dominikanische
Republik
75%
Kirgisistan
75%
Malaysia
75%
Jordanien
75%
Jamaika
74%
Myanmar
74%
Guatemala
74%
Senegal
74%
Tansania
74%
Eritrea
73%
Guyana
73%
Zentralafrikanische
Republik
73%
Nicaragua
73%
Tadschikistan
73%
Kamerun
73%
Bhutan
73%
Mauretanien
73%
Uganda
73%
Taiwan
72%
Libanon
72%
Lesotho
72%
Botswana
72%
Katar
72%
Kambodscha
72%
Papua-Neuguinea
72%
Simbabwe
71%
Suriname
71%
Bahamas
71%
Malediven
70%
Singapur
70%
Ruanda
70%
Sambia
70%
El Salvador
70%
Belize
70%
Benin
69%
Mosambik
69%
Fidschi
69%
Eswatini
69%
Gambia
68%
Burkina Faso
68%
Seychellen
67%
Liberia
67%
Bahrain
66%
Malawi
66%
Kuwait
66%
Guinea-Bissau
65%
Gabun
65%
Kap Verde
64%
Äquatorial-Guinea
64%
Föderierte Staaten
von Mikronesien
64%
Mauritius
64%
Trinidad und Tobago
64%
Burundi
64%
Sierra Leone
64%
Dschibuti
63%
Barbados
62%
Brunei
62%
Dominica
61%
St. Lucia
61%
Tonga
60%
Komoren
60%
St. Kitts und Nevis
60%
Osttimor
60%
Kiribati
59%
Palau
59%
Tuvalu
59%
St. Vincent und die
Grenadinen
59%
Vanuatu
58%
Marshallinseln
58%
São Tomé und
Príncipe
58%
Samoa
58%
Grenada
57%
Antigua und Barbuda
57%
Nauru
56%
Salomonen
56%

Verteilung der Resultate

Perzentil nach korrekt beantworteten Fragen

Anzahl Personen mit jedem Resultat

Ihre Resultats-Entwicklung

Sie haben dieses Quiz noch nicht gespielt